| 000 | 00489nam a2200193Ia 4500 | ||
|---|---|---|---|
| 008 | 101110s9999 xx 000 0 und d | ||
| 041 | _aENGLISH | ||
| 082 | _bSR23803 | ||
| 100 | _aChopde L. N., Choudhari D.H., Gadade S. T. | ||
| 245 | _aCost Accounting (T.Y.B.Com) | ||
| 365 | _b125 | ||
| 520 | _aCommerce | ||
| 546 | _aENGLISH | ||
| 630 | _aCost Accounting (T.Y.B.Com) | ||
| 650 | _aCommerce | ||
| 655 | _aCommerce | ||
| 730 | _aCost Accounting (T.Y.B.Com) | ||
| 942 | _cBOOK | ||
| 999 |
_c816495 _d816492 |
||